00776nam a2200193 a 450000500170000000800410001702000180005805000240007610000250010024501150012526000390024030000240027944000240030352001520032765000350047965000150051465000260052965000270055520140412111244.0001110s19uu xx 00 eng d a0-916392-07-4 aREF 303.3bJ63 1976 aJohnson, Ann Donegan aThe Value of determination :bthe story of Helen Keller /cAnn Donegan Johnson ; illustrated by Steve Pileggi. aLa Jolla, CA :bValue Comm,c1976. a63 p. ; col. ; ill. aA Value Tale Series aFocuses on Helen Keller's determination to help, hear, see, and speak and her equal determination to help others with handicaps similar to her own. aKeller, Helen Adams, 1880-1968 aBlind-deaf aPerseverance (Ethics) aPhysically handicapped